000 00546nab#a2200193#c#4500
999 _c87977
_d87977
003 IEF
005 20191204131304.0
008 950704s1976 uuu|| #####0 b| |u
040 _aIEF
_cES-MaIEF
100 1 _aFlores de Lemus, Isabel
_916050
245 _aAntonio Flores de Lemus, el hombre
_c Isabel Flores de Lemus
260 _c1976
650 4 _aHOMENAJES
_945439
650 4 _aFLORES DE LEMUS, ANTONIO (1876-1941)
_944347
773 0 _tHacienda pública española
_w34570
_g42-43, p. 9-17
942 _2udc
942 _2udc